[Event "GER-ch 68th"]
[Site "Dudweiler"]
[Date "1996.??.??"]
[Round "8"]
[White "Schwing, Hans Elmar"]
[Black "Gisbrecht, Ewgeni"]
[Result "1/2-1/2"]
[WhiteElo "2245"]
[BlackElo "2370"]
[EventDate "1996.11.26"]
[PlyCount "150"]

1. d4 d5 2. c4 c6 3. e3 Nf6 4. Nf3 a6 5. Nc3 b5 6. b3 Bg4 7. Be2 e6 8. O-O Bd6 9. h3 Bh5 10. Bb2 O-O 11. Ne5 Bxe2 12. Nxe2 Nfd7 13. cxd5 cxd5 14. Rc1 Qb6 15. Qd2 f6 16. Nxd7 Nxd7 17. Rc2 Rac8 18. Rfc1 Qb7 19. Rxc8 Rxc8 20. Rxc8+ Qxc8 21. Qc1 Qxc1+ 22. Nxc1 Kf7 23. Kf1 e5 24. f3 Ke6 25. Kf2 e4 26. f4 f5 27. Ne2 Nb8 28. Bc3 Nc6 29. Ke1 h6 30. g3 g5 31. Bd2 Be7 32. Bc3 Bd6 33. Bd2 Kf6 34. Kf1 Kg6 35. Be1 Kf6 36. Bd2 Ke6 37. Ke1 gxf4 38. gxf4 Be7 39. Kd1 Bh4 40. Nc1 Be7 41. Ne2 Ba3 42. Be1 Bd6 43. Bc3 Ne7 44. Be1 Ng6 45. Bg3 Bb4 46. Bf2 Be7 47. Kd2 Kd7 48. Kd1 Bf6 49. Kd2 Ne7 50. Be1 Nc6 51. Kd1 Be7 52. Kc1 Bb4 53. Bc3 Bxc3 54. Nxc3 Nb4 55. Kd2 Kc6 56. h4 Nd3 57. Ne2 Kd6 58. h5 b4 59. Ng3 Ke6 60. Kd1 Nf2+ 61. Ke2 Ng4 62. Kd2 Nf6 63. Kc2 Ne8 64. Kd2 Ng7 65. Kc2 Kd6 66. Kb2 Kc6 67. Kc2 Kb5 68. Kb2 Kb6 69. Kc2 Kc6 70. Kb2 Kb5 71. Kc2 a5 72. Kb1 a4 73. bxa4+ Kxa4 74. Kb2 Ka5 75. Kc2 Ka4 1/2-1/2

[Event "GER-ch 68th"]
[Site "Dudweiler"]
[Date "1996.??.??"]
[Round "8"]
[White "Siebrecht, Sebastian"]
[Black "Walter, Guenter"]
[Result "1-0"]
[WhiteElo "2390"]
[BlackElo "2275"]
[EventDate "1996.11.26"]
[PlyCount "49"]

1. e4 c5 2. c3 d6 3. d4 Nf6 4. Bd3 e5 5. Nf3 Nbd7 6. dxe5 dxe5 7. O-O Be7 8. Nbd2 O-O 9. Nc4 Qc7 10. a4 b6 11. Nh4 g6 12. Bh6 Re8 13. Qf3 Kh8 14. Ne3 Bb7 15. Bg5 Ng8 16. Bxe7 Rxe7 17. Rad1 Rf8 18. Bb5 f5 19. Qh3 Rf6 20. exf5 gxf5 21. Nhxf5 Ref7 22. Bc4 Rf8 23. Bxg8 Rxg8 24. Ne7 Rd8 25. N7d5 1-0

[Event "GER-ch 68th"]
[Site "Dudweiler"]
[Date "1996.??.??"]
[Round "8"]
[White "Slobodjan, Roman"]
[Black "Kindermann, Stefan"]
[Result "1/2-1/2"]
[WhiteElo "2520"]
[BlackElo "2530"]
[EventDate "1996.11.26"]
[PlyCount "28"]

1. e4 e6 2. d4 d5 3. exd5 exd5 4. Nf3 Bg4 5. h3 Bh5 6. Be2 Bd6 7. Ne5 Bxe2 8. Qxe2 Ne7 9. O-O O-O 10. Bf4 Nbc6 11. Nxc6 Nxc6 12. Qd2 Re8 13. Nc3 Bxf4 14. Qxf4 Qd7 1/2-1/2

[Event "GER-ch 68th"]
[Site "Dudweiler"]
[Date "1996.??.??"]
[Round "8"]
[White "Steinkohl, Thomas"]
[Black "Schulz, Karsten"]
[Result "0-1"]
[WhiteElo "2330"]
[BlackElo "2360"]
[EventDate "1996.11.26"]
[PlyCount "50"]

1. e4 g6 2. d4 Bg7 3. Nc3 d6 4. Be2 Nc6 5. Be3 Nf6 6. h3 O-O 7. Nf3 e5 8. d5 Ne7 9. Qd3 c6 10. dxc6 bxc6 11. Rd1 d5 12. Bc5 Qc7 13. Nd2 Rd8 14. Qg3 dxe4 15. Ncxe4 Nxe4 16. Nxe4 Rxd1+ 17. Bxd1 Nd5 18. O-O f5 19. Nd6 Be6 20. Nc4 Nf4 21. Bd6 Qd7 22. Qc3 e4 23. Qb4 Nd5 24. Qc5 Rd8 25. c3 Nb6 0-1

[Event "GER-ch 68th"]
[Site "Dudweiler"]
[Date "1996.??.??"]
[Round "8"]
[White "Wesseln, Kai"]
[Black "Zude, Arno"]
[Result "1-0"]
[WhiteElo "2320"]
[BlackElo "2410"]
[EventDate "1996.11.26"]
[PlyCount "103"]

1. d4 Nf6 2. Nf3 e6 3. Bf4 b6 4. e3 Bb7 5. Bd3 Be7 6. h3 O-O 7. O-O c5 8. Nbd2 Nc6 9. c3 Rc8 10. Qe2 cxd4 11. exd4 d6 12. Rfe1 Rc7 13. a4 Qc8 14. Nc4 Rd8 15. a5 Nd5 16. Bg3 Nb8 17. axb6 axb6 18. Na3 Nc6 19. Nb5 Rcd7 20. Nd2 Na5 21. Nc4 Nxc4 22. Bxc4 Nf6 23. Na7 Qb8 24. Bb5 Rc7 25. Bd3 Bf3 26. Qxf3 Rxa7 27. c4 Qa8 28. Rxa7 Qxa7 29. b4 Qa4 30. Rb1 Qa8 31. Qd1 Qa3 32. Rb3 Qa2 33. Qb1 Qxb1+ 34. Rxb1 Ra8 35. c5 dxc5 36. dxc5 bxc5 37. b5 Rd8 38. Bf1 Bd6 39. Bxd6 Rxd6 40. b6 Nd7 41. b7 Nb8 42. Rc1 Kf8 43. Rxc5 Ke7 44. Rc8 Rd8 45. g3 h6 46. Kg2 Kd7 47. Bb5+ Ke7 48. h4 Rf8 49. Kf3 Rd8 50. Ke3 f6 51. Ke2 Rd5 52. Rxb8 1-0

[Event "GER-ch 68th"]
[Site "Dudweiler"]
[Date "1996.??.??"]
[Round "9"]
[White "Becking, Stephan"]
[Black "Riegler, Dieter"]
[Result "1/2-1/2"]
[WhiteElo "2200"]
[BlackElo "2195"]
[EventDate "1996.11.26"]
[PlyCount "96"]

1. d4 Nf6 2. Nf3 g6 3. g3 Bg7 4. Bg2 O-O 5. O-O d6 6. c4 Nc6 7. Nc3 a6 8. h3 Rb8 9. e4 b5 10. d5 Na5 11. cxb5 axb5 12. Nd4 Bd7 13. f4 c5 14. dxc6 Nxc6 15. Be3 b4 16. Nce2 e5 17. Nb3 exf4 18. gxf4 Qe7 19. e5 Rfe8 20. Ned4 Nxd4 21. Bxd4 dxe5 22. fxe5 Nh5 23. Bc5 Qd8 24. Bd6 Bxe5 25. Bxb8 Bxb8 26. Rc1 Nf4 27. Rf2 Qe7 28. Qd2 Nxh3+ 29. Bxh3 Bxh3 30. Nd4 Ba7 31. Re1 Bg4 32. Ref1 Be6 33. Qf4 Bc4 34. Rd1 Bd5 35. b3 Ba8 36. Kf1 Qb7 37. Qh4 Qa6+ 38. Kg1 Qb7 39. Kf1 Qc8 40. Re2 Rxe2 41. Kxe2 Bb6 42. Qf4 Bb7 43. Rd2 Bc7 44. Qg5 Qh3 45. Qe7 Qg4+ 46. Kd3 Qg3+ 47. Ke2 Qg4+ 48. Kd3 Qg3+ 1/2-1/2

[Event "GER-ch 68th"]
[Site "Dudweiler"]
[Date "1996.??.??"]
[Round "9"]
[White "Gisbrecht, Ewgeni"]
[Black "Glienke, Manfred"]
[Result "1/2-1/2"]
[WhiteElo "2370"]
[BlackElo "2325"]
[EventDate "1996.11.26"]
[PlyCount "154"]

1. Nf3 d5 2. c4 e6 3. b3 Nf6 4. g3 c5 5. Bg2 Nc6 6. O-O Be7 7. cxd5 Nxd5 8. Bb2 O-O 9. Nc3 Nf6 10. Rc1 Bd7 11. Na4 Qa5 12. d3 Rac8 13. Bc3 Qb5 14. Bxf6 gxf6 15. Qd2 Kh8 16. Qh6 Rg8 17. Qh5 Rg7 18. Rfe1 b6 19. d4 Nb4 20. Nc3 Qa5 21. a4 Bc6 22. dxc5 bxc5 23. Nd2 Bxg2 24. Kxg2 Qc7 25. Qf3 f5 26. Red1 a6 27. Nc4 Rgg8 28. Rd2 Rgd8 29. Rcd1 Rxd2 30. Rxd2 Kg8 31. e4 fxe4 32. Qxe4 Qc6 33. Qxc6 Nxc6 34. Ne2 Rb8 35. Rd3 Kf8 36. Kf1 Rb7 37. Ke1 Nb4 38. Rd2 Nd5 39. Nc1 Bf6 40. Ke2 Nc3+ 41. Kf1 Nd5 42. Rd3 Ke7 43. Na2 Bg7 44. Ke2 Bd4 45. f4 f6 46. Nd2 Kd6 47. Nf3 Ba1 48. Kd1 Bd4 49. Ke2 Ba1 50. Nd2 Bd4 51. Rf3 Rb8 52. Kd3 Ke7 53. Ke2 Bg1 54. Nc3 Bd4 55. Nce4 Nb4 56. Rf1 f5 57. Ng5 Nc6 58. Rc1 h6 59. Ngf3 Kf6 60. Kf1 Be3 61. Rc3 Bxd2 62. Nxd2 Nd4 63. Rxc5 Nxb3 64. Nxb3 Rxb3 65. Rc6 Rb2 66. Kg1 h5 67. Rxa6 h4 68. gxh4 Rb4 69. a5 Rxf4 70. h5 Rh4 71. Rb6 Ra4 72. a6 Kg5 73. Rxe6 Kxh5 74. Kg2 Ra3 75. Rb6 Kg5 76. Re6 Ra2+ 77. Kg3 Ra3+ 1/2-1/2

[Event "GER-ch 68th"]
[Site "Dudweiler"]
[Date "1996.??.??"]
[Round "9"]
[White "Gross, Georg"]
[Black "Enigk, Frank"]
[Result "1-0"]
[WhiteElo "2355"]
[BlackElo "2145"]
[EventDate "1996.11.26"]
[PlyCount "79"]

1. d4 Nf6 2. Nf3 e6 3. g3 d5 4. Bg2 Nbd7 5. O-O Be7 6. c4 O-O 7. Nc3 b6 8. Ne5 Bb7 9. Qa4 Nxe5 10. dxe5 Nd7 11. cxd5 exd5 12. Nxd5 Nc5 13. Qd1 c6 14. Nxe7+ Qxe7 15. Qd6 Rfe8 16. b4 Na6 17. Rb1 Qxe5 18. Qxe5 Rxe5 19. b5 Nc5 20. bxc6 Ba6 21. c7 Rae8 22. Bc6 Rc8 23. Rd1 h6 24. Rd8+ Kh7 25. Bf4 Re6 26. Bb5 Bb7 27. Rbd1 g5 28. Rxc8 Bxc8 29. Bd6 a6 30. Bc4 Re4 31. Bxf7 Rxe2 32. Kf1 Rc2 33. Bd5 Kg6 34. Kg2 Kf6 35. h4 gxh4 36. gxh4 Ne6 37. Rd3 Nxc7 38. Rf3+ Kg7 39. Rf7+ Kg6 40. Rxc7 1-0

[Event "GER-ch 68th"]
[Site "Dudweiler"]
[Date "1996.??.??"]
[Round "9"]
[White "Heidrich, Manfred"]
[Black "Rabiega, Robert"]
[Result "0-1"]
[WhiteElo "2340"]
[BlackElo "2475"]
[EventDate "1996.11.26"]
[PlyCount "106"]

1. e4 c5 2. Nf3 Nc6 3. d4 cxd4 4. Nxd4 Qb6 5. Nb3 Nf6 6. Nc3 e6 7. Be3 Qc7 8. a3 a6 9. Be2 b5 10. O-O Be7 11. f4 d6 12. Qe1 Bb7 13. Bf3 O-O 14. Qg3 Kh8 15. Rad1 Rad8 16. Kh1 b4 17. axb4 Nxb4 18. Qf2 Rc8 19. Nd4 Qb8 20. Rd2 Qa8 21. e5 dxe5 22. fxe5 Nfd5 23. Nxd5 Nxd5 24. Bxd5 Bxd5 25. Rfd1 Be4 26. Nf3 h6 27. c3 Bd5 28. Nd4 Rcd8 29. Qe2 Qb7 30. Ra1 Ra8 31. Kg1 Be4 32. Rad1 Rfd8 33. Nf3 Rxd2 34. Rxd2 a5 35. Qd1 Bd5 36. Nd4 Bf8 37. Qa4 Qc7 38. Bf4 Rb8 39. Rf2 Be7 40. Qd1 Bf8 41. Qa4 Kg8 42. Qd1 Qc4 43. Qg4 a4 44. h3 Qa2 45. Qe2 Be7 46. Kh2 Bh4 47. Bg3 Bg5 48. Qc2 Be3 49. Re2 Bc4 50. Nc6 Bxe2 51. Qxe2 Rxb2 52. Qxe3 Rxg2+ 53. Kh1 Re2 0-1

[Event "GER-ch 68th"]
[Site "Dudweiler"]
[Date "1996.??.??"]
[Round "9"]
[White "Hennings, Artur"]
[Black "Schmitzer, Klaus"]
[Result "1/2-1/2"]
[WhiteElo "2340"]
[BlackElo "2325"]
[EventDate "1996.11.26"]
[PlyCount "112"]

1. e4 d5 2. exd5 Nf6 3. d4 Nxd5 4. Be2 Bf5 5. Nf3 e6 6. c4 Nb4 7. Na3 Be7 8. O-O O-O 9. Be3 Bf6 10. Qd2 c5 11. Rfd1 N8a6 12. Nb5 Qe7 13. a3 Nc2 14. Rac1 cxd4 15. Nfxd4 Nxe3 16. Qxe3 Bg6 17. f4 e5 18. Nf3 exf4 19. Qxe7 Bxe7 20. b4 Bf6 21. Rd2 Rfe8 22. Rcd1 h6 23. c5 Re3 24. Bd3 Bh5 25. Bc4 g5 26. Bd5 Rb8 27. h3 Bg6 28. Nh2 h5 29. Nf1 Re7 30. Bf3 Nc7 31. Nxa7 Re6 32. Rd7 Ra6 33. Rxc7 Rxa3 34. Rc8+ Rxc8 35. Nxc8 Ra4 36. Nd6 Rxb4 37. Nxb7 g4 38. Bd5 Bc2 39. Rc1 Bd4+ 40. Kh1 Rb2 41. c6 Be5 42. hxg4 hxg4 43. Nd8 f3 44. gxf3 g3 45. Nxg3 Bxg3 46. Rg1 Rb1 47. Rxb1 Bxb1 48. Bxf7+ Kf8 49. Bd5 Bf5 50. Nb7 Ke7 51. Kg2 Bf4 52. Be4 Bc8 53. Nc5 Kd6 54. Nd3 Bd2 55. Kg3 Ba6 56. Nf4 Bb5 1/2-1/2

[Event "GER-ch 68th"]
[Site "Dudweiler"]
[Date "1996.??.??"]
[Round "9"]
[White "Hetey, Laszlo"]
[Black "Steinkohl, Thomas"]
[Result "1/2-1/2"]
[WhiteElo "2410"]
[BlackElo "2330"]
[EventDate "1996.11.26"]
[PlyCount "39"]

1. d4 Nf6 2. c4 g6 3. Nc3 Bg7 4. e4 d6 5. Nf3 O-O 6. Be2 e5 7. d5 a5 8. Bg5 h6 9. Bh4 Na6 10. O-O Qe8 11. Nd2 Nh7 12. a3 f5 13. exf5 gxf5 14. Bh5 Qd7 15. b4 e4 16. Qc1 c5 17. bxa5 Be5 18. f4 Bd4+ 19. Kh1 Qg7 20. Nb5 1/2-1/2

[Event "GER-ch 68th"]
[Site "Dudweiler"]
[Date "1996.??.??"]
[Round "9"]
[White "Homuth, Manfred"]
[Black "Bastian, Herbert"]
[Result "0-1"]
[WhiteElo "2275"]
[BlackElo "2365"]
[EventDate "1996.11.26"]
[PlyCount "114"]

1. e4 c5 2. Nc3 Nc6 3. Nge2 e6 4. d4 cxd4 5. Nxd4 Qc7 6. g3 a6 7. Bg2 Nf6 8. O-O Be7 9. Re1 d6 10. Be3 O-O 11. Qe2 Bd7 12. Nxc6 Bxc6 13. a4 b6 14. Bf4 Nd7 15. Nd5 Bxd5 16. exd5 e5 17. Be3 f5 18. c3 Bf6 19. Qc2 g6 20. Rad1 Bg7 21. Kh1 Rfc8 22. Qb3 Rab8 23. Bf1 Qb7 24. Kg1 Nf6 25. Ra1 Ng4 26. Bc1 h5 27. Be2 Nf6 28. Bg5 Ne4 29. Be3 Kh7 30. Bf3 Nf6 31. Bg5 Nd7 32. Be3 Re8 33. Red1 Qc7 34. Be2 Ra8 35. Qc4 Qd8 36. Qb4 Qb8 37. Ra3 Bf6 38. Rb3 Bd8 39. Qc4 Qa7 40. Qc6 f4 41. Bc1 Nc5 42. Qxe8 Nxb3 43. Bd3 Qg7 44. Qc6 Ra7 45. Qxd6 Bg5 46. Qxb6 Nxc1 47. Bxg6+ Qxg6 48. Qxa7+ Kh6 49. Rxc1 fxg3 50. hxg3 Bxc1 51. Qb8 Qf6 52. d6 Bg5 53. d7 e4 54. Qe8 h4 55. Qxe4 hxg3 56. fxg3 Qd6 57. Qg4 Qd2 {ZeitA14berschreitung} 0-1

[Event "GER-ch 68th"]
[Site "Dudweiler"]
[Date "1996.??.??"]
[Round "9"]
[White "Kindermann, Stefan"]
[Black "Lutz, Christopher"]
[Result "1/2-1/2"]
[WhiteElo "2530"]
[BlackElo "2565"]
[EventDate "1996.11.26"]
[PlyCount "20"]

1. e4 c5 2. f4 d5 3. exd5 Nf6 4. Bb5+ Bd7 5. Bxd7+ Qxd7 6. c4 e6 7. Qe2 Bd6 8. dxe6 fxe6 9. d3 Nc6 10. Nf3 O-O 1/2-1/2

[Event "GER-ch 68th"]
[Site "Dudweiler"]
[Date "1996.??.??"]
[Round "9"]
[White "Klein, J."]
[Black "Klemm, Dietmar"]
[Result "1-0"]
[WhiteElo "2090"]
[BlackElo "2220"]
[EventDate "1996.11.26"]
[PlyCount "81"]

1. e4 c5 2. Nf3 Nc6 3. Bb5 g6 4. O-O Bg7 5. Re1 e5 6. Bxc6 dxc6 7. a3 Ne7 8. b4 cxb4 9. axb4 O-O 10. Bb2 Qc7 11. d3 Be6 12. Nbd2 h6 13. Ra3 Qd6 14. Qa1 Qxb4 15. Rb1 Qc5 16. Nxe5 b5 17. Nxc6 Bxb2 18. Nxe7+ Qxe7 19. Qxb2 Rfc8 20. Rba1 Rc5 21. d4 Rc7 22. d5 Bd7 23. e5 Qh4 24. Rg3 Bf5 25. Nf3 Qf4 26. Qxb5 Rxc2 27. Re1 Qc4 28. Qb7 Rf8 29. Qxa7 Ra2 30. Qd4 Qc2 31. e6 fxe6 32. dxe6 Re8 33. e7 Qc6 34. Ne5 Rxe7 35. Qd8+ Qe8 36. Qd5+ Be6 37. Rxg6+ Kh7 38. Rxe6 Rxe6 39. Qxa2 Rxe5 40. Qc2+ Kg8 41. Qc4+ 1-0

[Event "GER-ch 68th"]
[Site "Dudweiler"]
[Date "1996.??.??"]
[Round "9"]
[White "Mainka, Romuald"]
[Black "Wesseln, Kai"]
[Result "1-0"]
[WhiteElo "2455"]
[BlackElo "2320"]
[EventDate "1996.11.26"]
[PlyCount "45"]

1. e4 c5 2. Nf3 Nc6 3. Bb5 g6 4. Bxc6 bxc6 5. O-O Bg7 6. Re1 Nf6 7. e5 Nd5 8. c4 Nc7 9. d4 cxd4 10. Qxd4 O-O 11. Qh4 Ne6 12. Nc3 d5 13. cxd5 cxd5 14. Bh6 Bb7 15. Rad1 Rc8 16. Nb5 Qb6 17. Bxg7 Kxg7 18. Nbd4 Nxd4 19. Nxd4 e6 20. Re3 Qxb2 21. Rh3 h5 22. Qg5 Rh8 23. Rb3 1-0

[Event "GER-ch 68th"]
[Site "Dudweiler"]
[Date "1996.??.??"]
[Round "9"]
[White "Miltner, Arndt"]
[Black "Lagunow, Alexander"]
[Result "0-1"]
[WhiteElo "2330"]
[BlackElo "2425"]
[EventDate "1996.11.26"]
[PlyCount "70"]

1. d4 Nf6 2. Nf3 c5 3. c3 d5 4. Bf4 Nc6 5. e3 Qb6 6. Qb3 c4 7. Qc2 Bf5 8. Qc1 Nh5 9. Bg5 h6 10. Bh4 g5 11. Bg3 Nxg3 12. hxg3 Bg7 13. Nbd2 Rc8 14. Be2 Qc7 15. Kf1 b5 16. Kg1 b4 17. Nh2 bxc3 18. bxc3 Rb8 19. g4 Bg6 20. Nhf1 Qb6 21. Bf3 e6 22. e4 Nxd4 23. cxd4 Bxd4 24. Qe1 Bxa1 25. Qxa1 Qb2 26. Qd1 c3 27. Qa4+ Kf8 28. Ne3 Qxd2 29. Qxa7 Rb1+ 30. Kh2 Rxh1+ 31. Kxh1 d4 32. Nf5 exf5 33. exf5 Qc1+ 34. Kh2 Qf4+ 35. Kh1 Kg7 0-1

[Event "GER-ch 68th"]
[Site "Dudweiler"]
[Date "1996.??.??"]
[Round "9"]
[White "Mueller, Karsten"]
[Black "Slobodjan, Roman"]
[Result "1/2-1/2"]
[WhiteElo "2490"]
[BlackElo "2520"]
[EventDate "1996.11.26"]
[PlyCount "127"]

1. e4 e5 2. Nf3 Nc6 3. Nc3 Nf6 4. d4 exd4 5. Nxd4 Bb4 6. Nxc6 bxc6 7. Bd3 d5 8. exd5 cxd5 9. O-O O-O 10. Bg5 c6 11. Qf3 h6 12. Bxf6 Qxf6 13. Qxf6 gxf6 14. Ne2 Bd6 15. Nd4 c5 16. Nb5 Be5 17. f4 Bxb2 18. Rab1 a6 19. Rxb2 axb5 20. Bxb5 Rd8 21. Rd1 Bg4 22. Rd2 d4 23. a4 Rdb8 24. Rb3 Be6 25. Rg3+ Kf8 26. f5 Bc8 27. Rh3 Kg7 28. Rg3+ Kf8 29. Rh3 Kg7 30. Rb3 Bxf5 31. Rg3+ Bg6 32. c3 Rd8 33. cxd4 cxd4 34. Kf2 h5 35. Rb3 Ra7 36. Rb4 d3 37. Rb3 Rd4 38. Ke3 Re4+ 39. Kf3 Rd4 40. Ke3 Rh4 41. h3 Re4+ 42. Kf2 Rf4+ 43. Ke3 Re4+ 44. Kf2 h4 45. Rbxd3 Rexa4 46. Rd4 Rxd4 47. Rxd4 Ra2+ 48. Kg1 Ra5 49. Be2 Bh5 50. Bf1 Ra1 51. Rxh4 Be2 52. Rf4 Kg6 53. g3 Bxf1 54. Rxf1 Ra3 55. Kg2 Rb3 56. h4 Ra3 57. g4 Rb3 58. Rf3 Rb4 59. Kg3 Ra4 60. Rb3 Kg7 61. Rf3 Kg6 62. h5+ Kg7 63. Rf4 Ra3+ 64. Rf3 1/2-1/2

[Event "GER-ch 68th"]
[Site "Dudweiler"]
[Date "1996.??.??"]
[Round "9"]
[White "Pirrot, Dieter"]
[Black "Bangiev, Alexander J"]
[Result "1/2-1/2"]
[WhiteElo "2415"]
[BlackElo "2400"]
[EventDate "1996.11.26"]
[PlyCount "76"]

1. e4 g6 2. d4 Bg7 3. Nc3 c5 4. dxc5 Qa5 5. Bd2 Qxc5 6. Nd5 b6 7. Be3 Qc6 8. Bb5 Qb7 9. Bd4 f6 10. Qf3 Nc6 11. Bc3 a6 12. Bd3 b5 13. b3 d6 14. h4 Ne5 15. Bxe5 dxe5 16. h5 e6 17. hxg6 hxg6 18. Rxh8 Bxh8 19. Ne3 Bg7 20. Ne2 Qe7 21. a4 Rb8 22. axb5 axb5 23. Kf1 Kf7 24. Nc3 b4 25. Nb5 Bf8 26. Ra7 Rb7 27. Rxb7 Bxb7 28. Nc4 Qc5 29. Qe3 Qxe3 30. Nxe3 Bc5 31. c3 bxc3 32. Nxc3 f5 33. Nc4 Kf6 34. f3 Ne7 35. Na5 Bxe4 36. Nxe4+ fxe4 37. fxe4 Bb4 38. Nc4 Nc6 1/2-1/2

[Event "GER-ch 68th"]
[Site "Dudweiler"]
[Date "1996.??.??"]
[Round "9"]
[White "Schmaltz, Roland"]
[Black "Schwing, Hans Elmar"]
[Result "1-0"]
[WhiteElo "2440"]
[BlackElo "2245"]
[EventDate "1996.11.26"]
[PlyCount "113"]

1. e4 c5 2. Bc4 e6 3. Qe2 Nc6 4. Nf3 Na5 5. Bb3 Nxb3 6. axb3 d6 7. O-O Nf6 8. Nc3 Be7 9. d4 cxd4 10. Nxd4 O-O 11. Rd1 Bd7 12. Ndb5 Qb8 13. Bf4 Bxb5 14. Nxb5 Rd8 15. Qd3 Ne8 16. Rd2 a6 17. Nc3 Qc7 18. Rad1 Rac8 19. Qg3 Qc6 20. f3 b5 21. Ne2 Qb7 22. Kh1 Rd7 23. Bg5 Bxg5 24. Qxg5 b4 25. e5 Rcd8 26. exd6 Qb6 27. Ng3 Rxd6 28. Ne4 Rxd2 29. Rxd2 Rxd2 30. Qxd2 f5 31. Qd7 Qb5 32. Qxe6+ Kf8 33. Ng3 g6 34. Qe3 Qd5 35. Qe1 a5 36. h3 Nc7 37. Nf1 Nb5 38. Qe3 Nd4 39. Qd2 Qc5 40. Ne3 f4 41. Nc4 g5 42. Qd3 Nf5 43. Kh2 Ke7 44. Qe4+ Kf6 45. Nd2 Qc7 46. Qd5 Ng3 47. Nc4 Qa7 48. h4 gxh4 49. Qe5+ Kg6 50. Qxf4 Qe7 51. Qg4+ Kf7 52. Kh3 Nf1 53. Qxh4 Qe6+ 54. g4 Qe2 55. Qxh7+ Kf6 56. Qf5+ Kg7 57. Qe5+ 1-0

[Event "GER-ch 68th"]
[Site "Dudweiler"]
[Date "1996.??.??"]
[Round "9"]
[White "Schulz, Karsten"]
[Black "Kirschbaum, Gunnar"]
[Result "1-0"]
[WhiteElo "2360"]
[BlackElo "2195"]
[EventDate "1996.11.26"]
[PlyCount "55"]

1. g3 e5 2. Bg2 Nf6 3. c4 d5 4. cxd5 Nxd5 5. Nc3 Nxc3 6. bxc3 Be7 7. Rb1 c6 8. Nf3 Qa5 9. Qc2 O-O 10. O-O Nd7 11. d4 exd4 12. cxd4 Nf6 13. e4 Qh5 14. Bf4 Rd8 15. Rfd1 h6 16. Ne5 g5 17. Be3 Bd6 18. f3 Bxe5 19. dxe5 Rxd1+ 20. Qxd1 Nd7 21. e6 fxe6 22. Qd6 Qe8 23. f4 gxf4 24. Qxf4 Qg6 25. Rf1 e5 26. Qh4 Nf8 27. Qd8 Qg7 28. Bc5 1-0

[Event "GER-ch 68th"]
[Site "Dudweiler"]
[Date "1996.??.??"]
[Round "9"]
[White "Walter, Guenter"]
[Black "Loehn, Carsten"]
[Result "1/2-1/2"]
[WhiteElo "2275"]
[BlackElo "2195"]
[EventDate "1996.11.26"]
[PlyCount "131"]

1. d4 Nf6 2. Nf3 g6 3. c4 Bg7 4. Nc3 d6 5. e4 O-O 6. Be2 e5 7. d5 a5 8. Bg5 h6 9. Be3 Ng4 10. Bc1 f5 11. exf5 gxf5 12. O-O Na6 13. g3 Qe8 14. Nh4 Nf6 15. f4 e4 16. Be3 Bd7 17. Bd4 Kh7 18. Qd2 Nc5 19. Rae1 Qf7 20. Nd1 Ng8 21. Bxg7 Qxg7 22. Ne3 Ne7 23. Rf2 Qf6 24. Rg2 Rg8 25. Rc1 Ng6 26. Nxg6 Rxg6 27. Qc3 Qe7 28. b3 Qg7 29. Qxg7+ Rxg7 30. h3 Kg6 31. g4 Kf6 32. Kf2 Rag8 33. Rcg1 Bc8 34. Ke1 Bd7 35. Kd2 Bc8 36. Kc3 Bd7 37. a3 b6 38. b4 Nb7 39. Kd4 h5 40. gxf5 Rxg2 41. Rxg2 Rxg2 42. Nxg2 Bxf5 43. h4 axb4 44. axb4 Bg6 45. Ne3 Nd8 46. Nf1 c5+ 47. bxc5 dxc5+ 48. Ke3 Nf7 49. Ng3 Nd6 50. Bf1 Ke7 51. Kd2 Kf6 52. Be2 Bf7 53. Kc3 Bg6 54. Bd1 Be8 55. Nxh5+ Bxh5 56. Bxh5 Kf5 57. Be2 Kxf4 58. h5 Kg5 59. Kd2 Nf5 60. Bd1 Kh6 61. Bg4 Nd6 62. Ke3 Nxc4+ 63. Kxe4 b5 64. Be2 Nb6 65. Bxb5 Nxd5 66. Kxd5 1/2-1/2

[Event "GER-ch 68th"]
[Site "Dudweiler"]
[Date "1996.??.??"]
[Round "9"]
[White "Zeller, Frank"]
[Black "Movsziszian, Karen"]
[Result "1-0"]
[WhiteElo "2410"]
[BlackElo "2470"]
[EventDate "1996.11.26"]
[PlyCount "72"]

1. d4 f5 2. Nc3 d5 3. Bf4 Be6 4. e3 Nf6 5. Nf3 g6 6. Nb5 Na6 7. c4 c6 8. cxd5 Nxd5 9. Be5 Rg8 10. Nc3 Nac7 11. Ng5 Kd7 12. Qb3 Bg7 13. Nxe6 Kxe6 14. Bxg7 Rxg7 15. Qxb7 Rb8 16. Qxc6+ Qd6 17. Qxd6+ Kxd6 18. Nxd5 Nxd5 19. b3 f4 20. e4 Nb4 21. Kd2 Nc6 22. e5+ Kd7 23. Kc3 Rgg8 24. Bc4 Rgc8 25. Kd3 e6 26. Rac1 Nb4+ 27. Ke4 g5 28. h4 g4 29. Kxf4 Rf8+ 30. Ke3 a5 31. f4 gxf3 32. gxf3 Nxa2 33. Ra1 Nb4 34. Rxa5 Ra8 35. Rxa8 Rxa8 36. Rg1 Kc6 1-0

[Event "GER-ch 68th"]
[Site "Dudweiler"]
[Date "1996.??.??"]
[Round "9"]
[White "Zude, Arno"]
[Black "Siebrecht, Sebastian"]
[Result "1-0"]
[WhiteElo "2410"]
[BlackElo "2390"]
[EventDate "1996.11.26"]
[PlyCount "87"]

1. e4 g6 2. d4 Bg7 3. Nc3 d6 4. Be3 Nd7 5. Qd2 c6 6. O-O-O b5 7. f3 a5 8. g4 Ba6 9. Nge2 Nb6 10. b3 h5 11. gxh5 Rxh5 12. h4 Nf6 13. Bh3 b4 14. Nb1 Bxe2 15. Qxe2 a4 16. Bg5 axb3 17. axb3 Ra1 18. Qe1 c5 19. dxc5 Qa8 20. Qxb4 Rxb1+ 21. Kd2 Rxd1+ 22. Rxd1 Nbd7 23. cxd6 exd6 24. Qxd6 Bf8 25. Qc7 Be7 26. Ke2 Nc5 27. e5 Na6 28. Bd7+ Kf8 29. Qc8+ Qxc8 30. Bxc8 Ne4 31. fxe4 Bxg5 32. hxg5 Nc5 33. Ke3 Rxg5 34. Kd4 Rg2 35. Rc1 Nd7 36. Bxd7 Rd2+ 37. Kc5 Rxd7 38. b4 Ke7 39. b5 Rc7+ 40. Kd5 Kd8 41. c4 Rd7+ 42. Kc6 Rd4 43. b6 Kc8 44. c5 1-0